000 00360nam a2200133 i 4500
001 bg
100 1 _aPRZYBYLSKI, Henryk
245 0 _aChrześcijańska demokracja i narodowa partia robotnicza w l. 1926-1937 /
_cHenryk Przybylski.
260 _aWarszawa,
_c1980.
040 _cBPK
041 _apol
942 _cKS
008 s pl f |000 0 pol
999 _c19202
_d19202
856 _uhttp://koha.tu.koszalin.pl/cgi-bin/koha/opac-detail.pl?biblionumber=19202
_yKatalog online BPK